000 00769nam a2200229Ia 4500
003 GCL
008 140319s9999 xx 000 0 ara d
040 _aGCL /
_cGCL
082 0 4 _a621.38195
_bز ا
100 1 _aحسن العاملى (مترجم)
245 1 0 _aاساليب توليف المعالجات /
_cحسن العاملى (مترجم)
700 1 _aزاكس، رودنى
700 1 _aليسى، اوستن
300 _a423 ص
490 _a
650 0 4 _aالحاسبات الالكترونية
650 0 4 _aهندسة الحاسبات الالكترونية
650 0 4 _aاجهزة الادخال والاخراج
650 0 4 _aالحاسبات الالكترونية - تصميم
650 0 4 _aتصميمات هندسية
942 _2ddc
_cBK
999 _c39533
_d39533